Уголовный процесс Учебно-методическая литература
Сохранить в:
| 格式: | Учебно-методическая литература |
|---|---|
| 版: | 4 |
| 叢編: | Шпаргалка [отрывная] |
| 在線閱讀: | https://znanium.com/catalog/document?id=40312 https://znanium.com/cover/0209/209610.jpg |
| 標簽: |
添加標簽
沒有標簽, 成為第一個標記此記錄!
|
| LEADER | 01411nam0a2200301 i 4500 | ||
|---|---|---|---|
| 001 | RU\infra-m\znanium\bibl\209610 | ||
| 003 | https://znanium.com/catalog/document?id=40312 | ||
| 005 | 20240711000000.0 | ||
| 010 | |a 978-5-369-00583-5 | ||
| 010 | |a 978-5-16-112762-9 |b электр. издание | ||
| 100 | |a 20240711d2012 m y0rusy0150 ca | ||
| 101 | 0 | |a rus | |
| 102 | |a RU | ||
| 200 | 1 | |a Уголовный процесс |e Учебно-методическая литература | |
| 205 | |a 4 | ||
| 210 | 1 | |a Москва |c Издательский Центр РИОР |d 2010 | |
| 215 | |a 156 с. | ||
| 225 | 1 | |a Шпаргалка [отрывная] | |
| 333 | |a Профессиональное образование | ||
| 606 | |a Право. Юридические науки |x Уголовно-процессуальное право |2 local | ||
| 608 | |a Учебно-методическая литература |2 local | ||
| 675 | |a 343.13 (075.8) |z rus | ||
| 686 | |a 67.411я73 |2 rubbk | ||
| 686 | |a 40.02.02 |2 okso | ||
| 686 | |a 40.03.01 |2 okso | ||
| 801 | 0 | |a RU |b Общество с ограниченной ответственностью «ЗНАНИУМ» |c 20091027 |2 rusmarc | |
| 856 | 4 | |a znanium.com |m ebs_support@infra-m.ru |n НИЦ ИНФРА-М |u https://znanium.com/catalog/document?id=40312 | |
| 856 | 4 | 1 | |a znanium.com |d /cover/0209 |f 209610.jpg |q image/jpeg |u https://znanium.com/cover/0209/209610.jpg |